[Event "Bundesliga 0102"]
[Site "Deutschland"]
[Date "2001.11.25"]
[Round "4.3"]
[White "Ftacnik, Lubomir"]
[Black "Hochgraefe, Markus"]
[Result "1-0"]
[WhiteElo "2580"]
[BlackElo "2334"]
[PlyCount "127"]
[EventDate "2001.10.06"]
[EventType "team"]
[EventRounds "15"]
[EventCountry "GER"]
[SourceTitle "Bundesliga 0102"]
[Source "DeepChess"]
[SourceDate "2005.01.01"]
[SourceVersion "1"]
[SourceVersionDate "2005.01.01"]
[SourceQuality "1"]
[WhiteTeam "Hamburger SK 1830 e.V."]
[BlackTeam "SC Koenigsspringer 1984 Hamburg"]
[WhiteTeamCountry "GER"]
[BlackTeamCountry "GER"]

1. c4 e6 2. Nf3 d5 3. d4 Nf6 4. g3 c6 5. Qc2 Bd6 6. Bg2 Ne4 7. O-O O-O 8. Ne5
f5 9. Nd3 b6 10. Bf4 Ba6 11. b3 Qe7 12. f3 Nf6 13. Nd2 Bxf4 14. Nxf4 e5 15.
dxe5 Qxe5 16. Kh1 Nbd7 17. e4 fxe4 18. fxe4 dxc4 19. Nxc4 Qe7 20. e5 Nxe5 21.
Rfe1 Bxc4 22. Qxc4+ Nxc4 23. Rxe7 Nd6 24. Bxc6 Nf5 25. Ree1 Rac8 26. Rac1 Nd4
27. Bg2 Rfe8 28. Rxc8 Rxc8 29. Rd1 Rc2 30. Nd5 Ne2 31. Nxf6+ gxf6 32. Rd8+ Kf7
33. Be4 Rxa2 34. Bxh7 Ke7 35. Rd1 Rb2 36. Bg8 Nc3 37. Rc1 Rb1 38. Rxb1 Nxb1 39.
Kg2 a5 40. Kf2 b5 41. Ke3 b4 42. Bh7 Nc3 43. Bc2 Ke6 44. g4 Ke5 45. h4 Nd5+ 46.
Kf3 Ne7 47. h5 Ng8 48. Bf5 Nh6 49. Bd7 Kd6 50. Bc8 a4 51. bxa4 b3 52. Ba6 Nf7
53. Ke3 Ne5 54. Kd2 Nxg4 55. Kc3 Kc5 56. Kxb3 Kb6 57. Be2 Nh6 58. Kb4 f5 59.
a5+ Ka7 60. Kc5 f4 61. Kd4 Nf5+ 62. Ke5 Ng3 63. h6 Nxe2 64. h7 1-0

[Event "Bundesliga 0102"]
[Site "Deutschland"]
[Date "2001.11.25"]
[Round "4.4"]
[White "Trisic, Alexandar"]
[Black "Gustafsson, Jan"]
[Result "0-1"]
[WhiteElo "2316"]
[BlackElo "2535"]
[PlyCount "65"]
[EventDate "2001.10.06"]
[EventType "team"]
[EventRounds "15"]
[EventCountry "GER"]
[SourceTitle "Bundesliga 0102"]
[Source "DeepChess"]
[SourceDate "2005.01.01"]
[SourceVersion "1"]
[SourceVersionDate "2005.01.01"]
[SourceQuality "1"]
[WhiteTeam "SC Koenigsspringer 1984 Hamburg"]
[BlackTeam "Hamburger SK 1830 e.V."]
[WhiteTeamCountry "GER"]
[BlackTeamCountry "GER"]

1. e4 c5 2. Nc3 Nc6 3. g3 g6 4. Bg2 Bg7 5. d3 d6 6. f4 e6 7. Nf3 Nge7 8. O-O
O-O 9. Be3 b6 10. Bf2 Ba6 11. a4 Qd7 12. Qd2 Rae8 13. Rfe1 e5 14. f5 gxf5 15.
Bh3 d5 16. exf5 f6 17. g4 Bb7 18. Bg2 d4 19. Ne4 Nd5 20. Bg3 Ne3 21. Rxe3 dxe3
22. Qxe3 Nb4 23. Ne1 Kh8 24. c3 Nd5 25. Qd2 Rd8 26. a5 Bc6 27. h4 Ne7 28. Qf2
Nc8 29. axb6 axb6 30. g5 Rde8 31. gxf6 Bxf6 32. Nxf6 Rxf6 33. Be4 0-1

[Event "Bundesliga 0102"]
[Site "Deutschland"]
[Date "2001.11.25"]
[Round "4.5"]
[White "Berg, Emanuel"]
[Black "Buhr, Carl Christian"]
[Result "1-0"]
[WhiteElo "2496"]
[BlackElo "2394"]
[PlyCount "53"]
[EventDate "2001.10.06"]
[EventType "team"]
[EventRounds "15"]
[EventCountry "GER"]
[SourceTitle "Bundesliga 0102"]
[Source "DeepChess"]
[SourceDate "2005.01.01"]
[SourceVersion "1"]
[SourceVersionDate "2005.01.01"]
[SourceQuality "1"]
[WhiteTeam "Hamburger SK 1830 e.V."]
[BlackTeam "SC Koenigsspringer 1984 Hamburg"]
[WhiteTeamCountry "GER"]
[BlackTeamCountry "GER"]

1. e4 c5 2. Nf3 Nc6 3. d4 cxd4 4. Nxd4 Nf6 5. Nc3 d6 6. Be3 e6 7. f4 Be7 8. Qf3
a6 9. Bd3 Qc7 10. O-O-O O-O 11. Kb1 Bd7 12. g4 Nxd4 13. Bxd4 Bc6 14. Qh3 e5 15.
Be3 exf4 16. Bxf4 g6 17. Rhf1 b5 18. Bh6 Rfe8 19. Bg5 b4 20. Rxf6 bxc3 21. Rxf7
Kxf7 22. Bc4+ d5 23. exd5 Red8 24. dxc6+ Ke8 25. Bf7+ Kxf7 26. Qxh7+ Ke6 27.
Qxg6+ 1-0

[Event "Bundesliga 0102"]
[Site "Deutschland"]
[Date "2001.11.25"]
[Round "4.6"]
[White "Voigt, Martin"]
[Black "Wahls, Matthias"]
[Result "0-1"]
[WhiteElo "2300"]
[BlackElo "2580"]
[PlyCount "82"]
[EventDate "2001.10.06"]
[EventType "team"]
[EventRounds "15"]
[EventCountry "GER"]
[SourceTitle "Bundesliga 0102"]
[Source "DeepChess"]
[SourceDate "2005.01.01"]
[SourceVersion "1"]
[SourceVersionDate "2005.01.01"]
[SourceQuality "1"]
[WhiteTeam "SC Koenigsspringer 1984 Hamburg"]
[BlackTeam "Hamburger SK 1830 e.V."]
[WhiteTeamCountry "GER"]
[BlackTeamCountry "GER"]

1. e4 c5 2. Nf3 d6 3. d4 cxd4 4. Nxd4 Nf6 5. Nc3 a6 6. Bc4 e6 7. O-O b5 8. Bb3
Be7 9. f4 Bb7 10. Bxe6 fxe6 11. Nxe6 Qb6+ 12. Kh1 Nxe4 13. Nxe4 Bxe4 14. f5 h5
15. Nxg7+ Kf7 16. Nxh5 Qc6 17. Nf4 Nd7 18. Qe2 Qc4 19. Re1 Qxe2 20. Rxe2 d5 21.
Be3 Bd6 22. Kg1 Ne5 23. h3 Rag8 24. Kf1 Rg5 25. Rf2 Rxf5 26. Rd1 Nc4 27. Nxd5
Rhh5 28. b3 Rxf2+ 29. Kxf2 Rxd5 30. Rxd5 Bxd5 31. bxc4 Bxc4 32. a4 b4 33. Bd4
Bd5 34. Ke3 Bxg2 35. Kd2 Ke6 36. h4 Kd5 37. Bf6 Bf3 38. Kc1 Kc4 39. Kb2 Bc5 40.
Bg7 a5 41. c3 Be7 0-1

[Event "Bundesliga 0102"]
[Site "Deutschland"]
[Date "2001.11.25"]
[Round "4.7"]
[White "Heinemann, Thies"]
[Black "Von Buelow, Georg"]
[Result "0-1"]
[WhiteElo "2465"]
[BlackElo "2298"]
[PlyCount "158"]
[EventDate "2001.10.06"]
[EventType "team"]
[EventRounds "15"]
[EventCountry "GER"]
[SourceTitle "Bundesliga 0102"]
[Source "DeepChess"]
[SourceDate "2005.01.01"]
[SourceVersion "1"]
[SourceVersionDate "2005.01.01"]
[SourceQuality "1"]
[WhiteTeam "Hamburger SK 1830 e.V."]
[BlackTeam "SC Koenigsspringer 1984 Hamburg"]
[WhiteTeamCountry "GER"]
[BlackTeamCountry "GER"]

1. e4 c5 2. Nf3 Nc6 3. d4 cxd4 4. Nxd4 Nf6 5. Nc3 d6 6. Bg5 e6 7. Qd2 a6 8.
O-O-O Nxd4 9. Qxd4 Be7 10. Bxf6 gxf6 11. f4 b5 12. f5 Qc7 13. Be2 Qc5 14. Bh5
Qxd4 15. Rxd4 Kf8 16. Ne2 Rg8 17. Bf3 Bd7 18. Rd2 Rc8 19. Nf4 exf5 20. exf5
Bxf5 21. Re1 Rc5 22. Bd5 Bd8 23. b4 Rc8 24. Bb7 Rb8 25. Bc6 Bb6 26. g3 Kg7 27.
Rxd6 Rgd8 28. Nh5+ Kh6 29. Rxd8 Rxd8 30. Bf3 Bd4 31. Rd1 Be3+ 32. Kb2 Rxd1 33.
Bxd1 Bd4+ 34. c3 Bg1 35. h4 Bf2 36. g4 Bd3 37. Nxf6 Bxh4 38. Nd5 Bg3 39. a4 Kg5
40. a5 f5 41. gxf5 Be4 42. Nb6 h5 43. Be2 h4 44. Bf1 Bxf5 45. c4 h3 46. cxb5 h2
47. Bg2 axb5 48. a6 Bb8 49. Nd5 Ba7 50. Ne7 Bd4+ 51. Kb3 Be6+ 52. Kc2 Kf4 53.
Kd3 Bg1 54. Bh1 Bc4+ 55. Kd2 Ke5 56. Ke1 Ke6 57. Ng6 Kd6 58. Nh4 Kc7 59. Nf5
Kb6 60. Bb7 Be6 61. Ng3 Bd4 62. Ne2 Bc8 63. Be4 Be5 64. Kf2 Bxa6 65. Kg2 Bb7
66. Bxb7 Kxb7 67. Nc1 Kc6 68. Nb3 Kd5 69. Nd2 Bc3 70. Nf3 Bxb4 71. Nxh2 Ke4 72.
Ng4 Bc3 73. Nf2+ Ke3 74. Nd1+ Kd2 75. Nf2 b4 76. Ne4+ Kc2 77. Kf3 b3 78. Nd6
Kd3 79. Nb5 Bb4 0-1

[Event "Bundesliga 0102"]
[Site "Deutschland"]
[Date "2001.11.25"]
[Round "4.2"]
[White "Babula, Vlastimil"]
[Black "Epishin, Vladimir"]
[Result "1-0"]
[WhiteElo "2566"]
[BlackElo "2583"]
[PlyCount "59"]
[EventDate "2001.10.06"]
[EventType "team"]
[EventRounds "15"]
[EventCountry "GER"]
[SourceTitle "Bundesliga 0102"]
[Source "DeepChess"]
[SourceDate "2005.01.01"]
[SourceVersion "1"]
[SourceVersionDate "2005.01.01"]
[SourceQuality "1"]
[WhiteTeam "SAbt SV Werder Bremen"]
[BlackTeam "Luebecker SV von 1873 "]
[WhiteTeamCountry "GER"]
[BlackTeamCountry "GER"]

1. d4 Nf6 2. c4 g6 3. Nc3 d5 4. Nf3 Bg7 5. Bf4 O-O 6. Rc1 dxc4 7. e3 Be6 8. Ng5
Bd5 9. e4 h6 10. exd5 hxg5 11. Bxg5 b5 12. Qf3 c6 13. dxc6 Qxd4 14. Be2 a6 15.
O-O Qc5 16. Be3 Qxc6 17. Rfd1 e5 18. b3 b4 19. Nd5 Nxd5 20. Rxd5 c3 21. Rc5 e4
22. Qg4 Qe8 23. Bc4 Nd7 24. Qxg6 Ne5 25. Qg3 Kh7 26. Bd4 Nf3+ 27. gxf3 Bh6 28.
Qh3 Rg8+ 29. Kh1 Rg6 30. Rc7 1-0

[Event "Bundesliga 0102"]
[Site "Deutschland"]
[Date "2001.11.25"]
[Round "4.5"]
[White "De Firmian, Nick E"]
[Black "Knaak, Rainer"]
[Result "1-0"]
[WhiteElo "2552"]
[BlackElo "2494"]
[PlyCount "76"]
[EventDate "2001.10.06"]
[EventType "team"]
[EventRounds "15"]
[EventCountry "GER"]
[SourceTitle "Bundesliga 0102"]
[Source "DeepChess"]
[SourceDate "2005.01.01"]
[SourceVersion "1"]
[SourceVersionDate "2005.01.01"]
[SourceQuality "1"]
[WhiteTeam "Luebecker SV von 1873 "]
[BlackTeam "SAbt SV Werder Bremen"]
[WhiteTeamCountry "GER"]
[BlackTeamCountry "GER"]

1. e4 e6 2. d4 d5 3. Nc3 Nf6 4. Bg5 Be7 5. e5 Nfd7 6. Bxe7 Qxe7 7. f4 a6 8. Nf3
c5 9. dxc5 Qxc5 10. Qd2 Nc6 11. O-O-O Nb6 12. a3 Bd7 13. Bd3 h6 14. Kb1 O-O-O
15. Rhe1 Kb8 16. Ne2 Rc8 17. Nc1 Qe7 18. Nb3 Na4 19. Qe3 Rc7 20. g3 b6 21. Nfd4
Na7 22. f5 exf5 23. Bxf5 Be6 24. Qf3 Nc5 25. Qg4 Nxb3 26. cxb3 Nb5 27. Bxe6
Nxd4 28. Bxd5 Nc2 29. Re2 Rhc8 30. Qe4 Nxa3+ 31. bxa3 Qxa3 32. Qe3 Qb4 33. e6
fxe6 34. Bxe6 Re8 35. Qd4 Qa5 36. Re5 b5 37. Bg4 Rxe5 38. Qxe5 Qb4 1-0

[Event "Bundesliga 0102"]
[Site "Deutschland"]
[Date "2001.11.25"]
[Round "4.6"]
[White "Joachim, Sven"]
[Black "Hector, Jonny"]
[Result "0-1"]
[WhiteElo "2443"]
[BlackElo "2552"]
[PlyCount "96"]
[EventDate "2001.10.06"]
[EventType "team"]
[EventRounds "15"]
[EventCountry "GER"]
[SourceTitle "Bundesliga 0102"]
[Source "DeepChess"]
[SourceDate "2005.01.01"]
[SourceVersion "1"]
[SourceVersionDate "2005.01.01"]
[SourceQuality "1"]
[WhiteTeam "SAbt SV Werder Bremen"]
[BlackTeam "Luebecker SV von 1873 "]
[WhiteTeamCountry "GER"]
[BlackTeamCountry "GER"]

1. c4 Nf6 2. Nc3 e5 3. Nf3 Nc6 4. g3 Nd4 5. Bg2 Nxf3+ 6. Bxf3 Bb4 7. O-O O-O 8.
d3 c6 9. Bg5 h6 10. Bxf6 Qxf6 11. a3 Be7 12. b4 a6 13. Qb3 d6 14. Bg2 Be6 15.
a4 Rfc8 16. Ra2 Bf8 17. e3 Qd8 18. a5 Qc7 19. Na4 Re8 20. Nb6 Rad8 21. d4 exd4
22. exd4 Bf5 23. b5 g6 24. bxc6 bxc6 25. h3 h5 26. Rd1 Bg7 27. Rad2 Re7 28. Bf1
Bh6 29. Ra2 Rde8 30. Qc3 Bg7 31. Rad2 Re1 32. Qc1 Qe7 33. Rxe1 Qxe1 34. Qxe1
Rxe1 35. Kg2 Ra1 36. c5 dxc5 37. dxc5 Rxa5 38. Rd8+ Kh7 39. Ra8 Be4+ 40. Kg1
Rxc5 41. Nc4 Bd5 42. Ne3 Be6 43. Rxa6 Bd4 44. Bg2 Rc1+ 45. Kh2 c5 46. Bd5 Bxd5
47. Nxd5 Rc2 48. g4 h4 0-1

[Event "Bundesliga 0102"]
[Site "Deutschland"]
[Date "2001.11.25"]
[Round "4.7"]
[White "Agdestein, Simen"]
[Black "Meins, Gerlef"]
[Result "1-0"]
[WhiteElo "2572"]
[BlackElo "2415"]
[PlyCount "43"]
[EventDate "2001.10.06"]
[EventType "team"]
[EventRounds "15"]
[EventCountry "GER"]
[SourceTitle "Bundesliga 0102"]
[Source "DeepChess"]
[SourceDate "2005.01.01"]
[SourceVersion "1"]
[SourceVersionDate "2005.01.01"]
[SourceQuality "1"]
[WhiteTeam "Luebecker SV von 1873 "]
[BlackTeam "SAbt SV Werder Bremen"]
[WhiteTeamCountry "GER"]
[BlackTeamCountry "GER"]

1. d4 d6 2. e4 e5 3. Nf3 exd4 4. Qxd4 Nf6 5. Nc3 Be7 6. Bf4 O-O 7. h3 Nc6 8.
Qe3 Be6 9. O-O-O Nd7 10. g4 Bf6 11. g5 Bxc3 12. Qxc3 Qe7 13. Bb5 f5 14. Bxc6
fxe4 15. Bxb7 Rab8 16. Qxc7 Rxf4 17. Nd4 Bxa2 18. b3 e3 19. Nc6 Qxg5 20. Nxb8
e2 21. Bd5+ Kh8 22. Kb2 1-0

[Event "Bundesliga 0102"]
[Site "Deutschland"]
[Date "2001.11.25"]
[Round "4.8"]
[White "Heissler, Jakob"]
[Black "Mortensen, Erling"]
[Result "1/2-1/2"]
[WhiteElo "2437"]
[BlackElo "2423"]
[PlyCount "100"]
[EventDate "2001.10.06"]
[EventType "team"]
[EventRounds "15"]
[EventCountry "GER"]
[SourceTitle "Bundesliga 0102"]
[Source "DeepChess"]
[SourceDate "2005.01.01"]
[SourceVersion "1"]
[SourceVersionDate "2005.01.01"]
[SourceQuality "1"]
[WhiteTeam "SAbt SV Werder Bremen"]
[BlackTeam "Luebecker SV von 1873 "]
[WhiteTeamCountry "GER"]
[BlackTeamCountry "GER"]

1. e4 g6 2. d4 Bg7 3. c3 d6 4. Nf3 Nc6 5. Be2 Nf6 6. Nbd2 O-O 7. O-O Re8 8. Bb5
a6 9. Ba4 b5 10. Bc2 e5 11. d5 Ne7 12. a4 Bd7 13. c4 c6 14. b3 Qc7 15. Bb2 Rab8
16. axb5 axb5 17. c5 Nh5 18. cxd6 Qxd6 19. Ra7 Nc8 20. Ra6 Qc7 21. dxc6 Bxc6
22. Re1 Nb6 23. Bb1 Qb7 24. Ra2 Rbd8 25. Qc2 Nf4 26. Qc5 Bf8 27. Qe3 f6 28. g3
Ne6 29. Rc1 Rc8 30. Ba1 Bd7 31. Rac2 Rxc2 32. Rxc2 Rc8 33. Rxc8 Nxc8 34. Bb2
Bc5 35. Qd3 Qa7 36. Qe2 Ne7 37. Kg2 Nd4 38. Nxd4 Bxd4 39. Nf3 Bxb2 40. Qxb2 Qc7
41. Bd3 Nc8 42. b4 Nd6 43. Nd2 Be6 44. Nb3 Bxb3 45. Qxb3+ Nc4 46. Qa2 Qc6 47.
Qa7 Qd6 48. Be2 Qxb4 49. Qb8+ Qf8 50. Qxb5 Nd6 1/2-1/2

[Event "Bundesliga 0102"]
[Site "Deutschland"]
[Date "2001.11.25"]
[Round "4.4"]
[White "Borriss, Martin"]
[Black "Holzke, Frank"]
[Result "1-0"]
[WhiteElo "2445"]
[BlackElo "2468"]
[PlyCount "103"]
[EventDate "2001.10.06"]
[EventType "team"]
[EventRounds "15"]
[EventCountry "GER"]
[SourceTitle "Bundesliga 0102"]
[Source "DeepChess"]
[SourceDate "2005.01.01"]
[SourceVersion "1"]
[SourceVersionDate "2005.01.01"]
[SourceQuality "1"]
[WhiteTeam "SF Neukoelln 03 e.V."]
[BlackTeam "SV Wattenscheid 1930"]
[WhiteTeamCountry "GER"]
[BlackTeamCountry "GER"]

1. e4 e6 2. d4 d5 3. Nc3 Nf6 4. e5 Nfd7 5. f4 c5 6. Nf3 Nc6 7. Be3 a6 8. Qd2 b5
9. dxc5 Bxc5 10. Bxc5 Nxc5 11. Qf2 Qb6 12. Bd3 b4 13. Ne2 a5 14. O-O Ba6 15.
Kh1 Ne7 16. b3 h6 17. Rad1 O-O 18. Ng3 Rfb8 19. Nd4 Nxd3 20. cxd3 Rc8 21. Nh5
Nf5 22. Nxf5 Qxf2 23. Rxf2 exf5 24. Ng3 g6 25. Kg1 Rc3 26. Rfd2 a4 27. bxa4 Ra3
28. Ne2 Bb7 29. Rb1 R8xa4 30. Kf2 d4 31. Nxd4 Bd5 32. Ke3 Bxa2 33. Rc1 Ra8 34.
Rb2 Bd5 35. Rxb4 Bxg2 36. Rbc4 Bd5 37. Rc5 Rd8 38. Rc8 Rxc8 39. Rxc8+ Kg7 40.
Rd8 Bc4 41. Nc2 Rb3 42. h4 Bb5 43. Rd6 h5 44. Ne1 Rb2 45. Nf3 Rg2 46. Rb6 Ba4
47. Ng5 Rg3+ 48. Kd4 Rg4 49. e6 Rxf4+ 50. Ke5 Rf1 51. exf7 Re1+ 52. Kd4 1-0

[Event "Bundesliga 0102"]
[Site "Deutschland"]
[Date "2001.11.25"]
[Round "4.5"]
[White "Handke, Florian"]
[Black "Polzin, Rainer"]
[Result "1/2-1/2"]
[WhiteElo "2384"]
[BlackElo "2469"]
[PlyCount "58"]
[EventDate "2001.10.06"]
[EventType "team"]
[EventRounds "15"]
[EventCountry "GER"]
[SourceTitle "Bundesliga 0102"]
[Source "DeepChess"]
[SourceDate "2005.01.01"]
[SourceVersion "1"]
[SourceVersionDate "2005.01.01"]
[SourceQuality "1"]
[WhiteTeam "SV Wattenscheid 1930"]
[BlackTeam "SF Neukoelln 03 e.V."]
[WhiteTeamCountry "GER"]
[BlackTeamCountry "GER"]

1. e4 c5 2. Nf3 d6 3. d4 cxd4 4. Nxd4 Nf6 5. Nc3 g6 6. Be3 Bg7 7. f3 O-O 8. Qd2
Nc6 9. O-O-O d5 10. exd5 Nxd5 11. Nxc6 bxc6 12. Nxd5 cxd5 13. Qxd5 Qc7 14. Qc5
Qb7 15. Qa3 Bf5 16. Bd3 Rab8 17. b3 Qc6 18. Bxf5 Qc3 19. Qc5 Qb2+ 20. Kd2 gxf5
21. Ke2 Rfc8 22. Qxf5 Rxc2+ 23. Rd2 Rxd2+ 24. Bxd2 Qxa2 25. Rc1 Qa6+ 26. Rc4
Rd8 27. Be3 e6 28. Qc2 Qd6 29. Rc8 Qa6+ 1/2-1/2

[Event "Bundesliga 0102"]
[Site "Deutschland"]
[Date "2001.11.25"]
[Round "4.6"]
[White "Hellsten, Johan"]
[Black "Straeter, Timo"]
[Result "0-1"]
[WhiteElo "2471"]
[BlackElo "2310"]
[PlyCount "56"]
[EventDate "2001.10.06"]
[EventType "team"]
[EventRounds "15"]
[EventCountry "GER"]
[SourceTitle "Bundesliga 0102"]
[Source "DeepChess"]
[SourceDate "2005.01.01"]
[SourceVersion "1"]
[SourceVersionDate "2005.01.01"]
[SourceQuality "1"]
[WhiteTeam "SF Neukoelln 03 e.V."]
[BlackTeam "SV Wattenscheid 1930"]
[WhiteTeamCountry "GER"]
[BlackTeamCountry "GER"]

1. d4 e6 2. c4 f5 3. Nf3 Nf6 4. Nc3 d5 5. Bf4 c6 6. e3 Be7 7. Bd3 O-O 8. Qc2
Ne4 9. g4 Qa5 10. Ke2 Na6 11. a3 dxc4 12. Bxc4 Nxc3+ 13. Qxc3 Qb6 14. gxf5 Rxf5
15. Rhg1 Nc7 16. Bxc7 Qxc7 17. Qd3 Kh8 18. Qe4 c5 19. Rac1 Bd7 20. Bxe6 Bxe6
21. Qxe6 Raf8 22. Rg3 Bd6 23. Rh3 Qc6 24. e4 R5f6 25. Qd5 Qb5+ 26. Ke1 Qxb2 27.
Kd1 Rxf3 28. Qxd6 Rxf2 0-1

[Event "Bundesliga 0102"]
[Site "Deutschland"]
[Date "2001.11.25"]
[Round "4.7"]
[White "Franke, Johannes"]
[Black "Poldauf, Dirk"]
[Result "0-1"]
[WhiteElo "2305"]
[BlackElo "2403"]
[PlyCount "68"]
[EventDate "2001.10.06"]
[EventType "team"]
[EventRounds "15"]
[EventCountry "GER"]
[SourceTitle "Bundesliga 0102"]
[Source "DeepChess"]
[SourceDate "2005.01.01"]
[SourceVersion "1"]
[SourceVersionDate "2005.01.01"]
[SourceQuality "1"]
[WhiteTeam "SV Wattenscheid 1930"]
[BlackTeam "SF Neukoelln 03 e.V."]
[WhiteTeamCountry "GER"]
[BlackTeamCountry "GER"]

1. e4 e6 2. d3 b5 3. g3 Bb7 4. Bg2 c5 5. f4 Nf6 6. Nf3 d6 7. O-O Be7 8. e5 dxe5
9. fxe5 Nd5 10. Nc3 Nxc3 11. bxc3 O-O 12. Qe2 Nd7 13. h4 Qc7 14. h5 Rad8 15.
Bf4 Nb6 16. Nd2 Bxg2 17. Kxg2 Nd5 18. Ne4 b4 19. c4 Nxf4+ 20. gxf4 f5 21. Nd2
Qc6+ 22. Kh2 a5 23. Rf2 Kh8 24. Rg1 Rf7 25. Nf3 Qa4 26. Rg6 Qc6 27. Rfg2 Rd7
28. Qf2 Bd8 29. Qg3 a4 30. d4 cxd4 31. Nxd4 Rxd4 32. Rxg7 Qxg2+ 33. Qxg2 Rxg7
34. Qc6 Rxf4 0-1

[Event "Bundesliga 0102"]
[Site "Deutschland"]
[Date "2001.11.25"]
[Round "4.8"]
[White "Thiede, Lars"]
[Black "Koehn, Peter"]
[Result "1-0"]
[WhiteElo "2410"]
[BlackElo "2273"]
[PlyCount "113"]
[EventDate "2001.10.06"]
[EventType "team"]
[EventRounds "15"]
[EventCountry "GER"]
[SourceTitle "Bundesliga 0102"]
[Source "DeepChess"]
[SourceDate "2005.01.01"]
[SourceVersion "1"]
[SourceVersionDate "2005.01.01"]
[SourceQuality "1"]
[WhiteTeam "SF Neukoelln 03 e.V."]
[BlackTeam "SV Wattenscheid 1930"]
[WhiteTeamCountry "GER"]
[BlackTeamCountry "GER"]

1. g3 Nf6 2. c4 e6 3. Bg2 d5 4. Nf3 c5 5. O-O Nc6 6. cxd5 exd5 7. d4 Be7 8.
dxc5 Bxc5 9. Qc2 Be7 10. Nc3 O-O 11. Rd1 Be6 12. Bg5 h6 13. Bxf6 Bxf6 14. e3
Qb6 15. Rac1 Rad8 16. Na4 Qa5 17. a3 d4 18. b4 Qh5 19. Nxd4 Nxd4 20. exd4 Bxd4
21. Bxb7 Bxf2+ 22. Kxf2 Qxh2+ 23. Bg2 Bh3 24. Qe4 f5 25. Qf3 Rxd1 26. Rxd1 f4
27. g4 Bxg4 28. Qb3+ Kh8 29. Rh1 Qg3+ 30. Qxg3 fxg3+ 31. Kxg3 h5 32. Nc5 Re8
33. Kf4 Re2 34. Bh3 Bxh3 35. Rxh3 g6 36. Re3 Rb2 37. Kg5 Rg2+ 38. Kh6 Kg8 39.
Re7 Kf8 40. Rxa7 h4 41. Ne6+ Ke8 42. Kg7 h3 43. Kf6 Rf2+ 44. Kxg6 h2 45. Rh7
Ra2 46. Kf6 Rf2+ 47. Ke5 Ra2 48. Kd6 Rd2+ 49. Kc6 Ra2 50. Nc5 Rf2 51. a4 Rf6+
52. Kb5 Rf2 53. a5 Kd8 54. a6 Kc8 55. a7 Ra2 56. Rh8+ Kc7 57. Na6+ 1-0

[Event "Bundesliga 0102"]
[Site "Deutschland"]
[Date "2001.11.25"]
[Round "4.2"]
[White "Bacrot, Etienne"]
[Black "Van Mil, Johannes A J"]
[Result "1-0"]
[WhiteElo "2653"]
[BlackElo "2416"]
[PlyCount "57"]
[EventDate "2001.10.06"]
[EventType "team"]
[EventRounds "15"]
[EventCountry "GER"]
[SourceTitle "Bundesliga 0102"]
[Source "DeepChess"]
[SourceDate "2005.01.01"]
[SourceVersion "1"]
[SourceVersionDate "2005.01.01"]
[SourceQuality "1"]
[WhiteTeam "SG Porz e.V."]
[BlackTeam "SGEM Heiligenhaus 1937 e. V."]
[WhiteTeamCountry "GER"]
[BlackTeamCountry "GER"]

1. d4 g6 2. c4 Bg7 3. Nf3 d6 4. Nc3 Bg4 5. g3 Bxf3 6. exf3 e6 7. Bg2 Ne7 8. d5
exd5 9. cxd5 Nd7 10. O-O O-O 11. h4 Nb6 12. Bg5 Qd7 13. Rc1 c6 14. dxc6 bxc6
15. h5 Ned5 16. hxg6 hxg6 17. Nxd5 cxd5 18. Qd2 Rac8 19. b3 d4 20. Bh6 Bxh6 21.
Qxh6 Rc3 22. Rce1 d5 23. Bh3 Qd8 24. Re6 Rxf3 25. Kg2 Rf6 26. Rh1 Rxf2+ 27. Kg1
Qc7 28. Rxg6+ fxg6 29. Be6+ 1-0

[Event "Bundesliga 0102"]
[Site "Deutschland"]
[Date "2001.11.25"]
[Round "4.3"]
[White "Dutreeuw, Marc"]
[Black "Timman, Jan H"]
[Result "1/2-1/2"]
[WhiteElo "2390"]
[BlackElo "2597"]
[PlyCount "71"]
[EventDate "2001.10.06"]
[EventType "team"]
[EventRounds "15"]
[EventCountry "GER"]
[SourceTitle "Bundesliga 0102"]
[Source "DeepChess"]
[SourceDate "2005.01.01"]
[SourceVersion "1"]
[SourceVersionDate "2005.01.01"]
[SourceQuality "1"]
[WhiteTeam "SGEM Heiligenhaus 1937 e. V."]
[BlackTeam "SG Porz e.V."]
[WhiteTeamCountry "GER"]
[BlackTeamCountry "GER"]

1. e4 d6 2. d4 Nf6 3. Bd3 e5 4. d5 Nbd7 5. f3 Nh5 6. Ne2 Be7 7. c4 Bg5 8. Nbc3
O-O 9. Bd2 g6 10. Qc1 Bxd2+ 11. Qxd2 Qh4+ 12. g3 Qe7 13. O-O-O Nc5 14. Bc2 a5
15. Rhg1 Ng7 16. g4 Qh4 17. Nb5 Ne8 18. Nec3 Bd7 19. Kb1 f6 20. Rg2 Rf7 21.
Rdg1 Rd8 22. Qe3 Kh8 23. Ka1 Rc8 24. Na7 Ra8 25. Nab5 Rg7 26. Kb1 Na6 27. Na3
Qg5 28. Qf2 Qf4 29. Rd1 Nb4 30. Ne2 Qh6 31. h4 Rf7 32. Ka1 c6 33. Bb1 cxd5 34.
exd5 Qf8 35. f4 Nc7 36. f5 1/2-1/2

[Event "Bundesliga 0102"]
[Site "Deutschland"]
[Date "2001.11.25"]
[Round "4.4"]
[White "Andersson, Ulf"]
[Black "Schmitz, Andreas Arnold"]
[Result "1-0"]
[WhiteElo "2601"]
[BlackElo "2185"]
[PlyCount "67"]
[EventDate "2001.10.06"]
[EventType "team"]
[EventRounds "15"]
[EventCountry "GER"]
[SourceTitle "Bundesliga 0102"]
[Source "DeepChess"]
[SourceDate "2005.01.01"]
[SourceVersion "1"]
[SourceVersionDate "2005.01.01"]
[SourceQuality "1"]
[WhiteTeam "SG Porz e.V."]
[BlackTeam "SGEM Heiligenhaus 1937 e. V."]
[WhiteTeamCountry "GER"]
[BlackTeamCountry "GER"]

1. Nf3 Nf6 2. c4 c6 3. d4 d5 4. cxd5 cxd5 5. Nc3 e6 6. Bf4 Bd6 7. Bxd6 Qxd6 8.
e3 O-O 9. Ne5 Nfd7 10. f4 Nxe5 11. fxe5 Qb4 12. Qc2 f6 13. exf6 Rxf6 14. Bd3 g6
15. O-O-O b6 16. Nxd5 exd5 17. Qxc8+ Qf8 18. Qxf8+ Rxf8 19. Rhf1 Nd7 20. Kd2
Nf6 21. Rc1 Rae8 22. Rf3 Ne4+ 23. Bxe4 dxe4 24. Rxf8+ Rxf8 25. Ke2 Rf7 26. Rc8+
Kg7 27. Re8 Rc7 28. Kd2 Rf7 29. Rxe4 Rf2+ 30. Kc3 Rxg2 31. d5 Rf2 32. d6 Rf7
33. Kc4 g5 34. Kd5 1-0